| 000 -CABECERA |
| campo de control de longitud fija |
01155cam a22002537a 4500 |
| 001 - NÚMERO DE CONTROL |
| campo de control |
4369413 |
| 003 - IDENTIFICADOR DEL NÚMERO DE CONTROL |
| campo de control |
OSt |
| 005 - FECHA Y HORA DE LA ÚLTIMA TRANSACCIÓN |
| campo de control |
20210525145326.0 |
| 008 - DATOS DE LONGITUD FIJA--INFORMACIÓN GENERAL |
| campo de control de longitud fija |
900731s1990 sw b 000 0 spa |
| 020 ## - NÚMERO INTERNACIONAL ESTÁNDAR DEL LIBRO |
| Número Internacional Estándar del Libro |
9187134101 |
| 040 ## - FUENTE DE LA CATALOGACIÓN |
| Centro catalogador/agencia de origen |
CENDOC CAAAP |
| Lengua de catalogación |
spa |
| Centro/agencia transcriptor |
CAAAP |
| 050 ## - SIGNATURA TOPOGRÁFICA DE LA BIBLIOTECA DEL CONGRESO |
| Número de clasificación |
FP |
| Número de documento/Ítem |
370 A59 |
| 100 1# - ENTRADA PRINCIPAL--NOMBRE DE PERSONA |
| Nombre de persona |
Anrup, Roland. |
| 9 (RLIN) |
3051 |
| 245 13 - MENCIÓN DE TÍTULO |
| Título |
El taita y el toro : |
| Resto del título |
en torno a la configuración patriarcal del régimen hacendario cuzqueño / |
| Mención de responsabilidad, etc. |
Roland Anrup. |
| 260 ## - PUBLICACIÓN, DISTRIBUCIÓN, ETC. |
| Lugar de publicación, distribución, etc. |
[Stockholm] : |
| Nombre del editor, distribuidor, etc. |
Departamento de Historia, Universidad de Gotemburgo : |
| -- |
Instituto de Estudios Latinoamericanos, Universidad de Estocolmo, |
| Fecha de publicación, distribución, etc. |
1990. |
| 300 ## - DESCRIPCIÓN FÍSICA |
| Extensión |
280 p. ; |
| Dimensiones |
22 cm. |
| 500 ## - NOTA GENERAL |
| Nota general |
"Tesis doctoral"--T.p. verso. |
| 500 ## - NOTA GENERAL |
| Nota general |
Errata slip laid in. |
| 504 ## - NOTA DE BIBLIOGRAFÍA, ETC. |
| Nota de bibliografía, etc. |
Includes bibliographical references (p.241-280). |
| 505 0# - NOTA DE CONTENIDO CON FORMATO |
| Nota de contenido con formato |
El presente y el pasado -- Fuentes y fundos -- Hombre y hábitat -- Patriarcalismo y paternalismo -- Padre y patrón -- Casa y choza -- Capilla y carnaval -- Castigo y calabozo -- Toro y tótem. |
| 650 #0 - PUNTO DE ACCESO ADICIONAL DE MATERIA--TÉRMINO DE MATERIA |
| Término de materia o nombre geográfico como elemento de entrada |
Indígenas quechua |
| Subdivisión geográfica |
Perú |
| -- |
Cuzco (Región) |
| Subdivisión general |
Condiciones económicas |
| 9 (RLIN) |
3049 |
| 650 #0 - PUNTO DE ACCESO ADICIONAL DE MATERIA--TÉRMINO DE MATERIA |
| Término de materia o nombre geográfico como elemento de entrada |
Haciendas |
| Subdivisión geográfica |
Perú |
| -- |
Cuzco (Región) |
| 9 (RLIN) |
3050 |
| 942 ## - ELEMENTOS DE PUNTO DE ACCESO ADICIONAL (KOHA) |
| Fuente del sistema de clasificación o colocación |
|
| Tipo de ítem Koha |
Libros |